Personnages disney - Statistiques

Statistiques générales
  • Ce quiz a été pris 487 fois
    470 depuis la dernière actualisation
  • Le résultat moyen est 86 sur 133
Statistiques - réponses
Hint Réponse % Correct
Blanche neige et les 7 nains Blanche neige
98%
Cendrillon Cendrillon
96%
Bambi Bambi
95%
Vice-Versa Joie
95%
Pinocchio Pinocchio
95%
Simplet
94%
Anna
93%
Grincheux
93%
Alice au pays des merveilles Alice
92%
Atchoum
92%
La belle et la bête Belle
92%
Prof
91%
Aladdin Aladdin
90%
Peter pan Peter pan
90%
La petite sirène Ariel
89%
Panpan
89%
La belle au bois dormant Aurore
88%
Dormeur
88%
Gus
88%
Jasmine
88%
Joyeux
88%
Lilo et Stitch Lilo
88%
Mickey Mickey
88%
Wendy
88%
Donald
87%
Javotte
87%
Minnie
87%
Le livre de la jungle Mowgli
87%
Raiponce Raiponce
87%
Stitch
87%
Winnie l'ourson Winnie
87%
La reine des neiges Elsa
86%
Timide
85%
Vaiana Vaiana
84%
Jafar
83%
La bête
83%
Toy story Woody
83%
Baloo
82%
Dingo
82%
Gepetto
82%
Anastasie
81%
Daisy
81%
Colère
80%
Esmeralda
80%
Olaf
80%
Pluto
80%
Les mondes de Ralph Ralph
80%
Buzz l'éclair
79%
La belle et le clochard Lady
79%
Rebelle Merida
79%
Clochard
78%
Jack
78%
Lumière
78%
Porcinet
78%
Tristesse
78%
Eric
77%
Fleur
77%
Polochon
77%
Le bossu de Notre-Dame Quasimodo
77%
Sebastien
77%
Tigrou
76%
Dégout
75%
Peur
75%
Ratatouille Rémy
75%
Capitaine crochet
73%
Gaston
73%
Ursula
73%
Bourriquet
72%
Maléfique
72%
Sven
72%
Monstres&cie Bob
70%
Kristoff
70%
La reine de coeur
70%
Sully
69%
Hans
67%
Jean
67%
Le chapelier fou
67%
Big Ben
66%
Le lapin blanc
66%
Pascal
66%
Lucifer
64%
Mère Gothel
63%
Violette
61%
Flynn Rider
59%
Vaneloppe
59%
Jessy
58%
Baghera
57%
Pimprenelle
57%
Jack jack
56%
Zip
56%
Kaa
54%
Maximus
54%
Andy
53%
Iago
53%
Mouche
53%
Maui
52%
Coco lapin
49%
Flèche
49%
Flora
49%
Zig zag
49%
Hei Hei
48%
Pâquerette
48%
Pua
46%
Fée Clochette
45%
Linguini
44%
Bouh
43%
Colette
42%
Prince Philippe
41%
Lady Tremaine
40%
Elastigirl
39%
Nani
39%
Rajah
37%
Sherkan
36%
Frozone
34%
La fée bleue
34%
Léon
34%
Mme Samovar
34%
Les indestructibles Mr Indestructible
34%
Te fiti
34%
Edna
32%
Le prince Charmant
31%
Le lièvre de mars
29%
Maître hibou
28%
Pile-poil
23%
Le roi Louis
22%
Sa sucrerie
20%
Le chat de Chester
17%
Tala
10%
Angus
9%
Hubert
7%
Hamish
5%
Harris
5%
Antoine Ego
1%
Aucun quiz correspondant
Distribution des résultats
% des personnes avec chaque résultat
Percentile par nombre de réponses
Votre historique - résultats
Vous n’avez pas pris ce quiz depuis la dernière actualisation